| 000 | 003760000a22001570004500 | ||
|---|---|---|---|
| 001 | 003717 | ||
| 003 | MACL | ||
| 040 | _aMACL | ||
| 090 |
_c15710 _d15709 |
||
| 100 | _a Mukharjea, Sushil | ||
| 245 |
_aHistoricity Of Lord Jagannatha _bA Socio-Historical Study _cSushil Mukharjea |
||
| 260 |
_aMinerva: India, _c1989 |
||
| 350 | _a75 | ||
| 650 | _aTheology | ||
| 942 |
_k210 _cBook |
||
| 999 |
_c15611 _d15611 |
||